Parancsmegtagadók az algériai háborúban (1954–1962) engedély nélküli távolmaradás, dezertálás, engedetlenség /

Elmentve itt :
Bibliográfiai részletek
Szerzők: Quemeneur Tramor
Ferwagner Péter Ákos
Dokumentumtípus: Cikk
Megjelent: 2021
Sorozat:A NEMZETKÖZI MUNKÁSMOZGALOM TÖRTÉNETÉBŐL (ÉVKÖNYV) 47
Tárgyszavak:
mtmt:31953440
Online Access:http://publicatio.bibl.u-szeged.hu/23465
LEADER 00929nab a2200217 i 4500
001 publ23465
005 20221004145656.0
008 220207s2021 hu o 0|| Magyar d
022 |a 0133-476X 
024 7 |a 31953440  |2 mtmt 
040 |a SZTE Publicatio Repozitórium  |b hun 
041 |a Magyar 
100 1 |a Quemeneur Tramor 
245 1 0 |a Parancsmegtagadók az algériai háborúban (1954–1962)  |h [elektronikus dokumentum] :  |b engedély nélküli távolmaradás, dezertálás, engedetlenség /  |c  Quemeneur Tramor 
260 |c 2021 
300 |a 33-46 
490 0 |a A NEMZETKÖZI MUNKÁSMOZGALOM TÖRTÉNETÉBŐL (ÉVKÖNYV)  |v 47 
650 4 |a Történettudomány és régészet 
700 0 1 |a Ferwagner Péter Ákos  |e aut 
856 4 0 |u http://publicatio.bibl.u-szeged.hu/23465/1/Parancsmegtagadokazalgeriaihaboruban.pdf  |z Dokumentum-elérés  
856 4 0 |u http://publicatio.bibl.u-szeged.hu/23465/7/31953440_tartalom.pdf  |z Dokumentum-elérés